Statistiques concernant Mots de la langue française terminés par "gate"

Cliquez ici pour prendre le quiz!

Statistiques générales

  • Ce quiz a été pris 231 fois
  • Le résultat moyen est 4 sur 7

Statistiques - réponses

IndiceMot% Correct
navirefrégate
91%
pierre fineagate
83%
scandale politique qui entraîna la démission de Richard Nixon : l'affaire du ....Watergate
82%
courserégate
75%
félonnerenégate
42%
couvreau ou convreaugate
29%
version latine de la Biblevulgate
16%

Distribution des résultats

Percentile par nombre de réponses

% des personnes avec chaque résultat

Votre développement - résultats

Vous n’avez pas pris ce quiz